MARC details
| 000 -LEADER |
| fixed length control field |
01857cam a2200349 a 4500 |
| 001 - CONTROL NUMBER |
| control field |
40925934 |
| 003 - CONTROL NUMBER IDENTIFIER |
| control field |
OCoLC |
| 005 - DATE AND TIME OF LATEST TRANSACTION |
| control field |
20180809143321.0 |
| 008 - FIXED-LENGTH DATA ELEMENTS--GENERAL INFORMATION |
| fixed length control field |
990225s1999 cou b 000 0ceng |
| 010 ## - LIBRARY OF CONGRESS CONTROL NUMBER |
| LC control number |
99021782 |
| 020 ## - INTERNATIONAL STANDARD BOOK NUMBER |
| International Standard Book Number |
1578561256 (pbk.) |
| 020 ## - INTERNATIONAL STANDARD BOOK NUMBER |
| International Standard Book Number |
9781578561254 (pbk.) |
| 020 ## - INTERNATIONAL STANDARD BOOK NUMBER |
| International Standard Book Number |
0739405462 |
| 020 ## - INTERNATIONAL STANDARD BOOK NUMBER |
| International Standard Book Number |
9780739405468 |
| 035 ## - SYSTEM CONTROL NUMBER |
| System control number |
(OCoLC)40925934 |
| Canceled/invalid control number |
(OCoLC)50126268 |
| 040 ## - CATALOGING SOURCE |
| Original cataloging agency |
DLC |
| Transcribing agency |
DLC |
| Modifying agency |
Z69 |
| -- |
BAKER |
| -- |
BTCTA |
| -- |
YDXCP |
| -- |
IDI |
| -- |
ITC |
| -- |
CKL |
| -- |
BDX |
| -- |
MZN |
| 050 00 - LIBRARY OF CONGRESS CALL NUMBER |
| Classification number |
BS575 |
| Item number |
.H54 1999 |
| 082 ## - DEWEY DECIMAL CLASSIFICATION NUMBER |
| Classification number |
220.9 |
| Item number |
H637B |
| 090 ## - LOCALLY ASSIGNED LC-TYPE CALL NUMBER (OCLC); LOCAL CALL NUMBER (RLIN) |
| Classification number (OCLC) (R) ; Classification number, CALL (RLIN) (NR) |
BS575 |
| Local cutter number (OCLC) ; Book number/undivided call number, CALL (RLIN) |
.H54 1999 |
| 100 1# - MAIN ENTRY--PERSONAL NAME |
| Personal name |
Higgs, Liz Curtis |
| 245 10 - TITLE STATEMENT |
| Title |
Bad girls of the Bible : |
| Remainder of title |
and what we can learn from them / |
| Statement of responsibility, etc. |
Liz Curtis Higgs |
| 260 ## - PUBLICATION, DISTRIBUTION, ETC. |
| Place of publication, distribution, etc. |
Colorado Springs, Colo. : |
| Name of publisher, distributor, etc. |
WaterBrook Press, |
| Date of publication, distribution, etc. |
1999 |
| 300 ## - PHYSICAL DESCRIPTION |
| Extent |
x, 244, [1] p. ; |
| Dimensions |
23 cm |
| 504 ## - BIBLIOGRAPHY, ETC. NOTE |
| Bibliography, etc. note |
Includes bibliographical references (p. [243]-[245]) |
| 505 00 - FORMATTED CONTENTS NOTE |
| Title |
All about Evie--Eve : the first bad girl -- |
| -- |
Bored to distraction--Potiphar's wife : bad to the bone -- |
| -- |
Pillar of the community--Lot's wife : bad for a moment -- |
| -- |
Dying for a drink--the woman at the well : bad for a season, but not forever -- |
| -- |
The first cut is the deepest--Delilah : bad to the bone -- |
| -- |
Generous to a fault--Sapphira : bad for a moment -- |
| -- |
Knockin' on heaven's door--Rahab : bad for a season, but not forever -- |
| -- |
Friends in low places--Jezebel : bad to the bone -- |
| -- |
Out of step--Michal : bad for a moment -- |
| -- |
I beg your pardon--the sinful woman : bad for a season, but not forever |
| 520 ## - SUMMARY, ETC. |
| Summary, etc. |
Includes material on The Woman at the Well |
| 650 #0 - SUBJECT ADDED ENTRY--TOPICAL TERM |
| Topical term or geographic name entry element |
Women in the Bible |
| Form subdivision |
Biography |
| 650 #0 - SUBJECT ADDED ENTRY--TOPICAL TERM |
| Topical term or geographic name entry element |
Christian women |
| General subdivision |
Religious life |
| 856 42 - ELECTRONIC LOCATION AND ACCESS |
| Materials specified |
Contributor biographical information |
| Uniform Resource Identifier |
<a href="http://catdir.loc.gov/catdir/bios/random059/99021782.html">http://catdir.loc.gov/catdir/bios/random059/99021782.html</a> |
| 856 42 - ELECTRONIC LOCATION AND ACCESS |
| Materials specified |
Publisher description |
| Uniform Resource Identifier |
<a href="http://catdir.loc.gov/catdir/description/random047/99021782.html">http://catdir.loc.gov/catdir/description/random047/99021782.html</a> |
| 942 ## - ADDED ENTRY ELEMENTS (KOHA) |
| Source of classification or shelving scheme |
Dewey Decimal Classification |
| Koha item type |
Books |